|
|
|
|
| LEADER |
00000nam a2200000 a 4500 |
| 001 |
vtls009525153 |
| 003 |
SK-MaSNL |
| 005 |
20260301171322.0 |
| 008 |
240318s2008 xo l f 000 0 slo |
| 015 |
|
|
|a SNBA2009/07-03747
|
| 020 |
|
|
|a 9788022525954
|q (brož.)
|
| 035 |
|
|
|a 6D3634CF-45AE-4FC3-A810-85AE6D6BF41C
|
| 035 |
|
|
|a urn:nbn:sk:snk-amk8nu
|
| 035 |
|
|
|a urn:nbn:sk:snk-am0088lr
|
| 040 |
|
|
|a SNK
|b slo
|c SNK
|e AACR2
|
| 041 |
0 |
|
|a slo
|
| 044 |
|
|
|a xo
|c SK
|
| 072 |
|
7 |
|a 368
|x Poisťovníctvo
|2 konspekt
|
| 080 |
|
|
|a 368
|2 2001
|
| 080 |
|
|
|a 371.3
|2 2001
|
| 080 |
|
|
|a 330.341.1
|2 2001
|
| 080 |
|
|
|a (048.8)
|2 2001
|
| 100 |
1 |
|
|a Buchová, Jarmila
|4 aut
|9 367242
|
| 245 |
1 |
0 |
|a Aktuálne otázky výučby poisťovníctva
|b [... v rámci projektu Európskeho sociálneho fondu Implementácia požiadaviek regionálneho trhu práce do ekonomického vzdelávania (so zameraním na obchodné akadémie v SR) ..., kód projektu 11230100315]
|n II.
|c Jarmila Buchová
|
| 250 |
|
|
|a [1. vyd.]
|
| 260 |
|
|
|a Bratislava
|b Ekonóm
|c 2008
|
| 300 |
|
|
|a 62 s.
|b sch., tab.
|c 25 cm
|
| 504 |
|
|
|a Bibliogr. s. 61-62
|
| 650 |
0 |
7 |
|a poisťovníctvo
|2 SNKPH
|9 2517
|
| 650 |
0 |
7 |
|a vyučovacie metódy
|2 SNKPH
|9 1521
|
| 650 |
0 |
7 |
|a inovácie
|2 SNKPH
|9 2291
|
| 650 |
0 |
7 |
|a Insurance
|2 SNKPHeng
|9 267390
|
| 650 |
0 |
7 |
|a Teaching methods
|2 SNKPHeng
|9 286676
|
| 650 |
0 |
7 |
|a Innovations
|2 SNKPHeng
|9 74114
|
| 655 |
|
7 |
|a monografie
|2 SNKPH
|9 70139
|
| 655 |
|
7 |
|a Monographs
|2 SNKPHeng
|9 120675
|
| 919 |
|
|
|a 978-80-225-2595-4
|
| 958 |
|
|
|a OND
|
| 958 |
|
|
|a NB
|
| 968 |
|
|
|d 33
|
| 999 |
|
|
|c 830474
|d 832404
|
| 952 |
|
|
|a SNK
|b SNK
|y PREZ
|7 0
|p 17A0623615
|o snkSC 136048/2
|i snk2009/10690
|8 0
|0 0
|1 0
|4 0
|d 2009-06-12
|l 0
|r 2025-07-02 00:00:00
|w 2026-02-24
|
| 952 |
|
|
|a SNK
|b SNK
|y VYP
|7 0
|p 17A0623614
|o snkSC 136048/2 D1
|i snk2009/10691
|8 0
|0 0
|1 0
|4 0
|d 2009-06-12
|f 1
|l 0
|r 2026-02-24 03:36:14
|w 2026-02-24
|